Pays européens sans E - Statistiques

Statistiques générales
  • Ce quiz a été pris 372 fois
  • Le résultat moyen est 5 sur 6
Statistiques - réponses
Réponse % Correct
Portugal
93%
Vatican
82%
Kosovo
80%
Monaco
80%
Pays-Bas
80%
Saint-Marin
74%
Aucun quiz correspondant
Distribution des résultats
% des personnes avec chaque résultat
Percentile par nombre de réponses
Votre historique - résultats
Vous n’avez pas pris ce quiz